Finnish Compound Words #1 - Statistics

General Stats
  • This quiz has been taken 68 times
  • The average score is 15 of 20
Answer Stats
Finnish Literal Translation English % Correct
lentokone flying machine airplane
95%
tietokone knowledge machine computer
92%
jääkaappi ice closet refrigerator
92%
huulipuna lip red lipstick
90%
rintaliivit breast vests bra
85%
polkupyörä pedaling wheel bicycle
83%
hammasraudat tooth irons braces
83%
aamupala morning piece breakfast
82%
sanakirja word book dictionary
82%
sukellusvene dive boat submarine
82%
taskulamppu pocket lamp torch, flashlight
80%
lohikäärme salmon snake dragon
78%
linja-auto line car bus
77%
liukuportaat slide stairs escalator
72%
palapeli piece game jigsaw puzzle
72%
vedenkeitin water boiler (electric) kettle
68%
sulkapallo feather ball badminton
62%
omakotitalo own home house detached house
55%
riippumatto hanging mat hammock
43%
ukonilma old man's weather thunderstorm
18%
No matching quizzes found
Score Distribution
Percent of People with Each Score
Percentile by Number Answered
Your Score History
You have not taken this quiz